British Royal line of Succession - Statistics

General Stats
  • This quiz has been taken 67 times
  • The average score is 17 of 60
Answer Stats
Hint Answer % Correct
King Charles III Son HRH Prince William, Prince of Wales
98%
King Charles III Eldest Grandaughter HRH Princess Charlotte of Wales
95%
King Charles III Second Grandson HRH Prince Louis of Wales
93%
King Charles III Eldest Grandson HRH Prince George of Wales
91%
King Charles III Youngest Son Prince Harry, The Duke of Sussex
88%
King Youngest Grandaughter Princess Lilibet of Sussex
81%
King Youngest Grandson Prince Archie of Sussex
72%
King Charles III Brother Prince Andrew, The Duke of York
65%
King Charles III Niece HRH Princess Beatrice of York
60%
King Charles III Sister HRH Princess Anne, Princess Royal
49%
King Charles III Niece HRH Princess Eugenie of York
49%
King Charles III Brother HRH Prince Edward, The Duke of Edinburgh
47%
King Charles III Nephew James, Earl of Wessex
42%
King Charles III Nephew Peter Phillips
42%
King Charles Great Nephew Lucas Tindall
37%
King Charles III Grand Nephew Master Ernest Brooksbank
37%
King Charles III Great Niece Isla Phillips
35%
King Charles III Grand Nephew Master August Brooksbank
35%
King Charles III Great Niece Savannah Phillips
35%
King Charles III Niece Zara Tindall
35%
King Charles III Niece Lady Louise Windsor
33%
King Charles III Great Niece Lena Tindall
33%
King Charles III Great Niece Sienna Mapelli Mozzi
33%
King Charles III first cousin David, 2nd Earl of Snowdon
26%
King Charles III Great Niece Mia Tindall
26%
King Charles III first cousin once removed Arthur Chatto
21%
King Charles III first cousin once removed Charles, Viscount Linley
21%
King Charles III first cousin Lady Sarah Chatto
21%
King Charles III first cousin once removed Samuel Chatto
21%
King Charles III first cousin once removed Lady Margarita Armstrong-Jones
19%
King Charles III first cousin once removed HRH Prince Edward, Duke of Kent
12%
King Charless III first cousin once removed HRH Prince Richard, Duke of Gloucester
12%
King Charles III second cousin Lord Frederick Windsor
12%
King Charles III second cousin once removed Xan Windsor, Lord Culloden
12%
King Charles III second cousin Alexander, Earl of Ulster
9%
King Charles III second cousin George Windsor, Earl of St Andrews
9%
King Charles III second cousin once removed Maud Windsor
9%
King Charles III second cousin once removed Senna Lewis
9%
King Charles III second cousin once removed Tane Lewis
9%
King Charles III second cousin once removed Alexander Ogilvy
7%
King Charles III second cousin once removed Cassius Taylor
7%
King Charles III second cousin once removed Christian Mowatt
7%
King Charles III second cousin once removed Columbus Taylor
7%
King Charles III second cousin once removed Eloise Taylor
7%
King Charles III first cousin once removed HRH Prince Michael of Kent
7%
King Charles III first cousin once removed HRH Princess Alexandra the Honourable Lady Ogilvy
7%
King Charles III second cousin once removed Isabella Windsor
7%
King Charles III second cousin James Ogilvy
7%
King Charles III second cousin once removed Lady Cosima Windsor
7%
King Charles III second cousin Lady Davina Windsor
7%
King Charles III second cousin Lady Gabriella Windsor
7%
King Charles III second cousin Lady Rose Gilman
7%
King Charles second cousin once removed Lyla Gilman
7%
King Charles III second cousin once removed Miss Zenouska Mowatt
7%
King Charles III second cousin once removed Rufus Gilman
7%
King Charles III second cousin Estella Taylor
5%
King Charles III second cousin once removed Flora Ogilvy, Mrs Timothy Vesterberg
5%
King Charles III second cousin once removed Lady Amelia Windsor
5%
King Charles III second cousin Lady Helen Taylor
5%
King Charles III second cousin Marina Ogilvy
5%
No matching quizzes found
Score Distribution
Percent of People with Each Score
Percentile by Number Answered
Your Score History
You have not taken this quiz